=LDR 00000nam 2200000 4500 =001 001031 =005 20250712031925 =035 ##$$a 0010-0725000910 =007 ta =008 250712################a##########0#ind## =020 ##$$a 978-623-472-143-0 =082 ##$$a 398.209 598 =084 ##$$a 398.209 598 PAR m =100 #$$a Parameswaran, Deepa =245 1#$$a Mengapa? Mengapa? Mengapa? /$c Deepa Parameswaran =250 ##$$a cetakan pertama =260 ##$$a jakarta :$b badan pengembangan dan pembinaan bahasa,$c 2022 =300 ##$$a 20 hlm. : $b ilus. ; $c 22,9 cm$e 398.209 598 =650 #4$$a literasi bahan bacaan =856 ##$$a TBM AS SUHADA =990 ##$$a TBM202400764